000 00665nam a2200217 a 4500
999 _c1668
_d1668
001 1668
003 BD-JhCC
005 20171023105202.0
008 171023s1976 bg |||| ||a| 000 0 ben d
035 _a(BD-JhCC)1668
040 _aBD-JhCC
_dBD-JhCC
041 _aben
082 _a891.4409
_bMAL 1976
245 _aমাইকেলের প্রহসন /
_cমাহবুবুল আলম
260 _aঢাকা :
_bখান ব্রাদার্স প্রকাশনী,
_c১৯৭৬.
300 _a144 p. :
_c20 cm.
650 _aBengali Literature
700 _aআলম, মাহবুবুল
942 _2ddc
_cBK